| 000 | 01806cam a22004814i 4500 | ||
|---|---|---|---|
| 003 | PE-LiUPU | ||
| 005 | 20250731173511.0 | ||
| 008 | 150616s r 000 0 d | ||
| 020 | _a0385175930 | ||
| 035 | _a(Sirsi) i9780385175937 | ||
| 040 |
_aPE-LiUPU _bspa _cPE-LiUPU _erda |
||
| 049 | _aPRUA | ||
| 082 | 0 | 4 |
_a220.7 _bAB1991 _221 |
| 100 | 1 |
_aWeinfeld, Moshe, _eautor. |
|
| 245 | 1 | 0 |
_aDeuteronomy 1-11; a new translation with introduction and commentary. _n5 / _cMoshe Weinfeld. |
| 264 | 1 |
_aNew York : _bDoubleday, _c1991. |
|
| 300 |
_a458 páginas : _bIlustraciones ; _c24 centímetros |
||
| 336 |
_atext _2rdacontent |
||
| 337 |
_aunmediated _2rdamedia |
||
| 338 |
_avolume _2rdacarrier |
||
| 490 | 0 |
_aThe Anchor Bible ; _v5 |
|
| 504 | _aIncluye bibliografía. | ||
| 505 | 0 | _aThe name and its meaning.- Uotline of contents.- The literary form of Deuteronomy.- The convenant at the plains of Moab.- Composition and structure.- Deuteronomy and the Deuteronomy historiographer.- "Singular and "Plural" layers.-. | |
| 526 | _aSEG42 | ||
| 526 | _aSEG41 | ||
| 526 | _aSEG40 | ||
| 526 | _aSEG39 | ||
| 526 | _aP94 | ||
| 526 | _aP87 | ||
| 526 | _aP86 | ||
| 526 | _aP85 | ||
| 526 | _aP77 | ||
| 526 | _aP76 | ||
| 526 | _aP35 | ||
| 630 |
_aBiblia. _pA.T. _pDeuteronomio 1-11 _xComentarios. |
||
| 910 |
_ajck _bjvq _cjck |
||
| 942 |
_2ddc _cBOOK |
||
| 949 |
_a220.7 AB 5 1991 _wDEWEY _c1 _i41135 _lCCODEBUL1 _mBUL _r0 _sY _tBOOK _u2015-6-16 _xTEOLOGIA _zUNKNOWN _0COMPRA _o.STAFF. Colección General |
||
| 994 |
_aC0 _bPEPRU |
||
| 596 | _a1 | ||
| 999 |
_a220.7 AB 5 1991 _wDEWEY _c58943 _i41135 _d58943 _f2021-11-9 _g5 _lCCODEBUL1 _mBUL _q1 _r0 _sY _tBOOK _u2015-6-16 _xTEOLOGIA _zUNKNOWN _0COMPRA _o.STAFF. Colección General |
||
| 980 |
_81 _gALBERTO SANCHEZ Responsable de Automatización |
||